| 000 | 00457nam a2200169Ia 4500 | ||
|---|---|---|---|
| 008 | 230917s9999||||xx |||||||||||||| ||und|| | ||
| 020 | _cRS 600.00 | ||
| 040 |
_e5009674 _aMAIN |
||
| 041 | _aEnglish | ||
| 082 | _a320.50954 G151M | ||
| 100 | _aGandhi, Mohandas Karamchand | ||
| 245 | 0 | _aMere sapno ka bharat | |
| 260 |
_aNew Delhi _bPrakashan Sansthan _c2022 |
||
| 300 | _a263 p. | ||
| 500 | _a4898 23/12/2022 PS23/269 05/01/2023 Main Budget | ||
| 942 | _cBK | ||
| 999 |
_c7747 _d7747 |
||